Mysteries of the Rosary - Sudden Death - Statistics

General Stats
  • This quiz has been taken 78 times
  • The average score is 9 of 20
Answers on the Grid
Answers color-coded by a green-red scale on the quiz's grid according to % correct below.
The Resurrection
The Carrying of the Cross
The Institution of the Eucharist
The Nativity
The Presentation of Jesus in the Temple
The Visitation
The Annunciation
The Ascension
The Assumption
The Crucifixion & Death of Our Lord
The Descent of the Holy Spirit
The Transfiguration
The Baptism of Jesus in the Jordan
The Scourging at the Pillar
Finding of Jesus in the Temple
The Coronation of Mary as Queen of Heaven
The Wedding at Cana
The Crowning with Thorns
The Proclamation of the Kingdom
The Agony in the Garden
The Death of Joseph
The Immaculate Conception
The Sacrifice of Abraham
Raising of Lazarus
The Adoration of the Magi
Jesus Walking on Water
The Conversion of Paul
Christ Giving the Keys to Saint Peter
The Institution of the Lord’s Prayer
The Harrowing of Hell
 
Answer Stats
Answer % Correct
The Annunciation
68%
The Ascension
64%
The Resurrection
59%
The Carrying of the Cross
55%
The Descent of the Holy Spirit
55%
The Visitation
55%
The Crucifixion & Death of Our Lord
50%
The Scourging at the Pillar
50%
The Agony in the Garden
45%
The Crowning with Thorns
45%
The Wedding at Cana
45%
The Assumption
41%
The Coronation of Mary as Queen of Heaven
41%
The Nativity
41%
The Presentation of Jesus in the Temple
41%
The Transfiguration
41%
The Baptism of Jesus in the Jordan
36%
The Proclamation of the Kingdom
36%
Finding of Jesus in the Temple
27%
The Institution of the Eucharist
27%
No matching quizzes found
Score Distribution
Percent of People with Each Score
Percentile by Number Answered
Your Score History
You have not taken this quiz